00808nam a2200193 a 450000100100000000500170001000800410002702000180006804000250008610000290011124500370014026000490017730000280022659000280025495201050028295201050038795201050049299900170059700004880220201002061423.0190412s2016 dr a r 000 spa d a9789945902907 aDO-SdBNPbspacBNPHU aUmaña, Vladimir97625510aSpeak easy. /cVladimir Umaña. aSanto Domingo :bAcademia de Lenguas,c2016. a105 p. :bil. ;c29 cm. aInventariado, 2019 / DG 0010718PDaGRbGRcHDd2019-04-12iLF1l0o p48802-30r2020-06-25w2020-06-25yLFPDZNo se presta 0010718PDaPDbPDcHDd2019-04-12iLF1l0o p48802-10r2020-06-25w2020-06-25yLFPDZNo se presta 0010718PDaPDbPDcHDd2019-04-12iLF1l0o p48802-20r2020-06-25w2020-06-25yLFPDZNo se presta c48290d48290